| 000 | 00784cam a2200265 a 4500 | ||
|---|---|---|---|
| 008 | |||
| 020 | _a0412065916 (pbk.) | ||
| 049 | _aMAIN | ||
| 090 |
_aTX541 _bPOM |
||
| 100 | 1 | _aPomeranz, Yeshajahu. | |
| 245 | 1 | 0 |
_aFood analysis : _btheory and practice / _cYeshajahu Pomeranz, Clifton E. Meloan. |
| 250 | _a3rd ed. | ||
| 260 |
_aNew York : _bChapman & Hall, _c1994. |
||
| 300 |
_axiv, 778 p. : _bill. ; _c24 cm. |
||
| 500 | _aIncludes index. | ||
| 504 | _aIncludes bibliographical references. | ||
| 650 | 0 |
_aFood _xAnalysis. |
|
| 650 |
_aFood _aChemical analysis |
||
| 700 | 1 | _aMeloan, Clifton E. | |
| 907 |
_a.b10068892 _b18-03-13 _c17-04-03 |
||
| 003 | |||
| 005 | 20230123133614.0 | ||
| 040 | _cNUST | ||
| 942 |
_cBOOKS _kTX541 _mPOM |
||
| 999 |
_c151490 _d151490 |
||